| 000 | 00362nam a2200133Ia 4500 | ||
|---|---|---|---|
| 008 | 210210b1960 xxu||||| |||| 00| 0 eng d | ||
| 082 | _a301 MILI | ||
| 100 | _aMILLS (C Wright). | ||
| 245 | _aImages of man: the classic tradition in sociological thinking. | ||
| 260 |
_aNY _bGeorge Braziller _c1960 |
||
| 300 | _aviii,534 | ||
| 690 | _aSociology | ||
| 906 | _a041090 | ||
| 999 |
_c90997 _d90997 |
||